000 00411pab a2200157 454500
008 180718b2006 xxu||||| |||| 00| 0 eng d
100 _aBajpai, R.P.
245 _aRural development information network: issues and opportunities in India
260 _c2006
300 _ap.8-10.
362 _a2 Oct
650 _aRural development
700 _aUpadhyay, M.P.
773 _aUniversity News
909 _a71735
999 _c71735
_d71735